Abkürzungen in der Feuerwehr 1 (DE) - Statistiken

Allgemein
  • Dieses Quiz wurde 209 mal gespielt
  • Das Durchschnittsergebnis liegt bei 10 aus 15
Antwortstatistiken
Abkürzung Antwort % Korrekt
GW Gerätewagen
92%
RW Rüstwagen
92%
SW Schlauchwagen
86%
BMA Brandmeldeanlage
84%
DL / DLK Drehleiter (m. Korb)
84%
FF Freiwillige Feuerwehr
84%
ELW Einsatzleitwagen
82%
EL Einsatzleitung / Einsatzleiter
78%
AB Abrollbehälter
76%
DEKON Dekontamination
65%
ABC Atomare, biologische und chemische Gefahrstoffe
54%
ex-geschützt Explosionsgeschützt
53%
ESt Einsatzstelle
45%
CO Kohlenstoffmonoxid
42%
CBRN Chemische, biologische, radiologische und nukleare Gefahrstoffe
16%
Keine übereinstimmenden Quizze gefunden
Verteilung der Resultate
Anzahl Personen mit jedem Resultat
Perzentil nach korrekt beantworteten Fragen
Ihre Resultats-Entwicklung
Sie haben dieses Quiz noch nicht gespielt